711 medical maxims. (Record no. 42812)
[ view plain ]
| 000 -LEADER | |
|---|---|
| fixed length control field | 00576cam1a220019300 4500 |
| 001 - CONTROL NUMBER | |
| control field | tmp15718057 |
| 003 - CONTROL NUMBER IDENTIFIER | |
| control field | UPRA |
| 005 - DATE AND TIME OF LATEST TRANSACTION | |
| control field | 20190813173041.0 |
| 008 - FIXED-LENGTH DATA ELEMENTS--GENERAL INFORMATION | |
| fixed length control field | 951011s1961 ilu eng u |
| 035 ## - SYSTEM CONTROL NUMBER | |
| System control number | (Sirsi) r67115 |
| 035 ## - SYSTEM CONTROL NUMBER | |
| System control number | (UPRA)tmp15718057 |
| 040 ## - CATALOGING SOURCE | |
| Transcribing agency | UPRA |
| 100 1# - MAIN ENTRY--PERSONAL NAME | |
| Personal name | Reveno, William S. |
| Linkage | A27738.1 |
| 245 10 - TITLE STATEMENT | |
| Title | 711 medical maxims. |
| 260 ## - PUBLICATION, DISTRIBUTION, ETC. | |
| Place of publication, distribution, etc. | Springfield, IL : |
| Name of publisher, distributor, etc. | C.C. Thomas, |
| Date of publication, distribution, etc. | [1961] |
| 650 #0 - SUBJECT ADDED ENTRY--TOPICAL TERM | |
| Topical term or geographic name entry element | Medicine -- Handbooks, manuals, etc. |
| General subdivision | Medicine -- Handbooks, manuals, etc. |
| Linkage | S146.2 |
| 949 ## - LOCAL PROCESSING INFORMATION (OCLC) | |
| a | RC55 |
| w | LC |
| i | -89842 |
| m | MEDICAL |
| t | BOOK |
| l | ON-SHELF |
| Withdrawn status | Lost status | Source of classification or shelving scheme | Damaged status | Not for loan | Home library | Current library | Shelving location | Total Checkouts | Full call number | Barcode | Date last seen | Copy number | Price effective from | Koha item type |
|---|---|---|---|---|---|---|---|---|---|---|---|---|---|---|
| Library of Congress Classification | Medical Library | Medical Library | On Shelf | RC55 | -89842 | 08/13/2019 | 1 | 08/13/2019 | Book |